[Event "Foment Martinenc op-C 23rd"]
[Site "Barcelona"]
[Date "2023.05.20"]
[Round "5"]
[White "Bernat Mor, Juli"]
[Black "Sanchez Garcia, Oscar Ernesto"]
[Result "1-0"]
[WhiteElo "1308"]
[BlackElo "1700"]
[PlyCount "43"]
[EventDate "2023.04.22"]
[EventType "swiss"]
[EventRounds "9"]
[EventCountry "ESP"]
[SourceTitle "EXT 2024"]
[Source "ChessBase"]
[SourceDate "2023.10.10"]
[SourceVersion "1"]
[SourceVersionDate "2023.10.10"]
[SourceQuality "1"]

1. d4 d5 2. c4 e6 3. Nc3 Nf6 4. cxd5 exd5 5. Bg5 Be7 6. Nf3 0-0 7. e3 h6 8. Bh4 b6 9. Qb3 Bb7 10. Be2 Re8 11. 0-0 Ne4 12. Bxe7 Rxe7 13. Rac1 c5 14. Qc2 cxd4 15. Nxd4 Nd7 16. Nxe4 dxe4 17. Nc6 Bxc6 18. Qxc6 Ne5 19. Qxe4 Rc8 20. Ba6 Rxc1 21. Rxc1 Qd2 22. Rc8+ 1-0

[Event "Las Americas op U1800 Hybrid"]
[Site "Internet"]
[Date "2022.06.04"]
[Round "1.2"]
[White "Sanchez Garcia, Oscar Ernesto"]
[Black "Escobar Villota, Domenika Gabriela"]
[Result "1-0"]
[WhiteElo "1747"]
[BlackElo "1488"]
[PlyCount "69"]
[EventDate "2022.06.04"]
[EventType "swiss"]
[EventRounds "6"]
[EventCountry "VEN"]
[SourceTitle "EXT 2024"]
[Source "ChessBase"]
[SourceDate "2023.10.10"]
[SourceVersion "1"]
[SourceVersionDate "2023.10.10"]
[SourceQuality "1"]

1. Nc3 c5 2. e4 Nc6 3. g3 g6 4. Bg2 Bg7 5. Nge2 e6 6. d3 Nge7 7. Be3 Nd4 8. Qd2 0-0 9. 0-0 d6 10. f4 Rb8 11. a4 a6 12. Rae1 b5 13. axb5 axb5 14. Nd1 b4 15. Nxd4 cxd4 16. Bf2 Qc7 17. b3 Ba6 18. Nb2 Rfc8 19. Re2 d5 20. exd5 Nxd5 21. Bxd5 exd5 22. Rfe1 Bf6 23. Nd1 Qd7 24. Kg2 Rd8 25. Nb2 Bc8 26. Kg1 Qh3 27. Re8+ Rxe8 28. Rxe8+ Kg7 29. Be1 Rb7 30. Qg2 Qh5 31. Rxc8 Re7 32. Bxb4 Re2 33. Bf8+ Kg8 34. Bh6+ Re8 35. Rxe8# 1-0

[Event "American Continental 16th"]
[Site "San Salvador"]
[Date "2022.05.06"]
[Round "7"]
[White "Sanchez Garcia, Oscar Ernesto"]
[Black "Hernandez, Rodolfo Anibal"]
[Result "1/2-1/2"]
[WhiteElo "1739"]
[BlackElo "1625"]
[PlyCount "86"]
[EventDate "2022.05.02"]
[EventType "swiss"]
[EventRounds "11"]
[EventCountry "ESA"]
[SourceTitle "CBM 208 Extra"]
[Source "ChessBase"]
[SourceDate "2022.07.31"]
[SourceVersion "1"]
[SourceVersionDate "2022.07.31"]
[SourceQuality "1"]

1. Nc3 d5 2. Nf3 Nf6 3. e3 Bg4 4. h3 Bh5 5. g4 Bg6 6. Ne5 Nbd7 7. d4 e6 8. Nxg6 hxg6 9. Bg2 c6 10. Qd3 Bb4 11. Bd2 Nb6 12. a3 Bd6 13. 0-0-0 Nc4 14. Na4 Nd7 15. e4 b5 16. exd5 cxd5 17. Nc3 Rb8 18. Rhe1 0-0 19. Ne2 Nxd2 20. Rxd2 Nb6 21. c3 Nc4 22. Rc2 a5 23. f4 b4 24. axb4 axb4 25. cxb4 Bxb4 26. Rh1 Qa5 27. Rxc4 dxc4 28. Qb1 c3 29. b3 c2 30. Kxc2 Rfc8+ 31. Kd1 Ba3 32. Be4 Rb6 33. h4 Rcb8 34. Rh3 f5 35. gxf5 exf5 36. Bd3 Qd5 37. Qc2 Qg2 38. Bc4+ Kh7 39. Qd3 Qf1+ 40. Kc2 Qa1 41. h5 Qb2+ 42. Kd1 Qa1+ 43. Kc2 Qb2+ 1/2-1/2

[Event "American Continental 16th"]
[Site "San Salvador"]
[Date "2022.05.04"]
[Round "4"]
[White "Pilarte, Rene"]
[Black "Sanchez Garcia, Oscar Ernesto"]
[Result "1-0"]
[WhiteElo "2090"]
[BlackElo "1739"]
[PlyCount "59"]
[EventDate "2022.05.02"]
[EventType "swiss"]
[EventRounds "11"]
[EventCountry "ESA"]
[SourceTitle "CBM 208 Extra"]
[Source "ChessBase"]
[SourceDate "2022.07.31"]
[SourceVersion "1"]
[SourceVersionDate "2022.07.31"]
[SourceQuality "1"]

1. e4 c6 2. d4 d5 3. Nc3 dxe4 4. Nxe4 Bf5 5. Ng3 Bg6 6. h4 h6 7. Nf3 Nd7 8. h5 Bh7 9. Bd3 Bxd3 10. Qxd3 Ngf6 11. Bd2 e6 12. 0-0-0 Bd6 13. Ne4 Nxe4 14. Qxe4 Nf6 15. Qe2 Qc7 16. Kb1 0-0 17. g4 Nxg4 18. Rdg1 f5 19. Nh4 Rae8 20. f3 Nf6 21. Bxh6 Nxh5 22. f4 Nxf4 23. Bxf4 Bxf4 24. Qh5 Bg3 25. Ng6 Rf6 26. Ne5 Bxe5 27. Qxe8+ Rf8 28. Qxe6+ Qf7 29. Qxe5 f4 30. Rg4 1-0

[Event "American Continental 16th"]
[Site "San Salvador"]
[Date "2022.05.02"]
[Round "1"]
[White "Diaz Rosas, Julio Cesar"]
[Black "Sanchez Garcia, Oscar Ernesto"]
[Result "1-0"]
[WhiteElo "2351"]
[BlackElo "1739"]
[PlyCount "55"]
[EventDate "2022.05.02"]
[EventType "swiss"]
[EventRounds "11"]
[EventCountry "ESA"]
[SourceTitle "EXT 2023"]
[Source "ChessBase"]
[SourceDate "2022.10.05"]
[SourceVersion "1"]
[SourceVersionDate "2022.10.05"]
[SourceQuality "1"]

1. e4 c6 2. d4 d5 3. exd5 cxd5 4. Bd3 Nf6 5. h3 Nc6 6. Nf3 e6 7. 0-0 Bd6 8. Re1 0-0 9. c3 h6 10. Nbd2 Bd7 11. Nf1 a6 12. N1h2 b5 13. Ng4 Na5 14. Nfe5 Ra7 15. Nxf6+ Qxf6 16. Qh5 Be7 17. Re3 Qh4 18. Qe2 Bg5 19. Nf3 Qh5 20. g4 Qxh3 21. Nxg5 Qh4 22. Rh3 hxg5 23. Rxh4 gxh4 24. g5 g6 25. Bf4 Nc6 26. Be5 Nxe5 27. Qxe5 Bc8 28. Qf6 1-0